00834nam a2200253Ia 450000500170000000800410001702000190005808200190007710000300009624500560012625000400018230000270022249000120024965000410026165000370030265000390033994200150037826400490039333600270044233700330046933800280050204000350053099900150056520220317001125.0160825s2007 mx g 000 0 spa  a9789681609801204aMe864.08bR29a1 aReyes, Alfonsod1889-195910aAntologíabprosa, teatro, poesíacAlfonso Reyes a1a. edición b15a. reimpresión  a164 páginas c17 cm  aPopular142LEMBaLiteratura mexicana ySiglo XX142LEMBaTeatro mexicano ySiglo XX142LEMBaPoesía mexicana ySiglo XX 2ddccBKLIT aMéxicobFondo de Cultura Económicac2007 atextobtxt2rdacontent asin mediaciónbn2rdamedia avolumenbnc2rdacarrier aCO-BoRNBPbspaerdacCO-BoRNBP c5996d5996